| 000 | 01026nam a22002537a 4500 | ||
|---|---|---|---|
| 003 | OSt | ||
| 005 | 20150408113919.0 | ||
| 008 | 110825s2010 le ||||g k 00| 0 ara d | ||
| 020 | _a995329061x | ||
| 040 |
_cmu _aara _bmb |
||
| 082 |
_221 _a005.369 _bك ج خ |
||
| 100 |
_aكوكس، جويس. _93186 |
||
| 245 |
_aMicrosoft Powerpoint 2010 خطوة خطوة / _cتأليف جويس كوكس، جوان لامبرت ؛ اوليغ عوكي. |
||
| 246 | _aMicrosoft Powerpoint 2010 | ||
| 250 | _a'1 | ||
| 260 |
_aبيروت _bالدار العربية للعلوم _c2004 |
||
| 300 |
_a362 ص. : _bأشكال ؛ _c24 سم. |
||
| 500 | _aالكتاب يضم ترجمة الأصل الإنجليزي Microsoft Powerpoint 2010, step by step. | ||
| 650 |
_aمايكروسوفت بوربوينت _93234 |
||
| 650 |
_aالعروض التقديمية _xبرامج الحاسوب _93235 |
||
| 700 |
_aلامبرت، جوان، _eم. مشارك. _93230 |
||
| 700 |
_aعوكي، اوليغ، _eمترجم. _93176 |
||
| 942 |
_2ddc _cBOOK |
||
| 999 |
_c14363 _d248863 |
||